Countries by navy flag - Africa - Statistics

General Stats
  • This quiz has been taken 37 times
  • The average score is 13 of 15
Answer Stats
Picture Answer % Correct
Kenya
100%
Nigeria
96%
Libya
93%
Morocco
93%
South Africa
93%
Algeria
89%
Egypt
89%
Ghana
85%
Somalia
85%
Sudan
85%
Namibia
81%
Sierra leone
81%
Gambia
78%
Gabon
74%
Mauritius
33%
No matching quizzes found
Score Distribution
Percent of People with Each Score
Percentile by Number Answered
Your Score History
You have not taken this quiz